Najpopularniejsze męskie imiona A-Ż - Statystyki

Ogólne statystyki
  • Ten quiz został rozwiązany 67 razy
  • Średni wynik to 13 z 33
Statystyki odpowiedzi
Litera Liczba wystąpień Imię % Poprawnych
P 686 017 Piotr
77%
A 523 382 Andrzej
75%
B 204 697 Bartosz
71%
Ł 382 952 Łukasz
71%
J 470 073 Jan
68%
I 94 594 Igor
66%
C 62 010 Czesław
64%
D 28 1738 Dariusz
63%
F 173 805 Filip
63%
G 372 329 Grzegorz
63%
H 155 514 Henryk
63%
T 535 129 Tomasz
63%
K 636 783 Krzysztof
61%
S 357 358 Stanisław
59%
M 492 282 Michał
54%
E 76 000 Edward
52%
N 71 621 Nikodem
48%
Z 255 719 Zbigniew
48%
R 261 152 Rafał
43%
W 335 519 Wojciech
43%
L 110 626 Leszek
38%
X 2293 Xavier
18%
Ó 13 Óscar
7%
O 118 590 Oleksandr
4%
Ś 106 Światosław
2%
U 5310 Uladzimir
2%
Y 37 645 Yurii
2%
Ż 26 Żelisław
2%
Ą 2 Ąžuolas
0%
Ć 2 Ćazim
0%
Q 173 Quang
0%
V 65 101 Volodymyr
0%
Ź 3 Źmicier
0%
Nie znaleziono quizów pasujących do podanych kryteriów
Rozkład punktacji
Procent ludzi z każdym wynikiem
Percentyl według liczby udzielonych odpowiedzi
Twoja historia wyników
Nie rozwiązałeś tego quizu